Półwyspy A-W - Statystyki

Ogólne statystyki
  • Ten quiz został rozwiązany 194 razy
    188 od ostatniego zresetowania
  • Średni wynik to 8 z 20
Statystyki odpowiedzi
Litera Podpowiedź Półwysep % Poprawnych
B Leżała tam Jugosławia Bałkański
97%
K Zaanektowany przez Rosję w 2014 roku Krym
80%
I Zajmuje 2/3 terytorium Indii Indyjski
76%
A Największy półwysep na świecie Arabski
72%
J Znajdowała się tam cywilizacja Majów Jukatan
72%
H Szacowane jest że ten polski półwysep może zatonąć około w 2200 roku Helski
69%
W Miejsce rozpoczęcia II wojny światowej Westerplatte
63%
S Okupowane przez Izrael w 1967 roku Synaj
61%
M Znajduje się tam stolica Malezji Malajski
53%
P Znajdują się tam takie zabytki jak Olimpia czy Epidauros Peloponez
52%
L Zamieszkują go głównie rdzenni mieszkańcy tacy jak Inuici i Innu Labrador
39%
O Położony w południowej Kostaryce. Ma taką samą nazwę jak pewien owad Osa
39%
G Znajduje się w zachodniej Turcji nad Morzem Egejskim. Znane z bitew z I wojny światowej Galipoli
22%
C Leży 4 km od Stanów Zjednoczonych Czukocki
17%
N Półwysep w Kanadzie na prowincji o tej samej nazwie Nowa Szkocja
17%
F Obejmuje Norwegię, Szwecję, Finlandię i część Rosji Fennoskandzki
8%
U Leży w północnym Quebec Ungava
2%
R Przy granicy Rosyjsko-Norweskiej Rybacki
1%
T Leży 16 km od półwyspu z pytania K Tamański
1%
D Należy do stanów Wirginia, Delaware i Maryland Delmarski
0%
Nie znaleziono quizów pasujących do podanych kryteriów
Rozkład punktacji
Procent ludzi z każdym wynikiem
Percentyl według liczby udzielonych odpowiedzi
Twoja historia wyników
Nie rozwiązałeś tego quizu od ostatniego zresetowania